000 00228 a2200097 4500
001 46183
100 _aJane's
245 _aJane's Dictionary of Military Terms
260 _aLondon
_bMacdonald & Jane's
_c
090 _c29289
_d29289
942 _aNUST-CAE
_cM
_c21434
999 _c281256
_d281256